| 000 | 00429nam a2200145Ia 4500 | ||
|---|---|---|---|
| 008 | 220216s9999 xx 000 0 und d | ||
| 100 | _aAbraham K C | ||
| 245 | 0 | _aProcessing of technically specified rubber and its usage in India | |
| 260 | _bProceedings of the International Rubber Conference, Kuala Lumpur. V.5, 1975; p416-430 | ||
| 650 | _aIndia | ||
| 650 | _aSMR | ||
| 650 | _aTSR | ||
| 700 | _aMatthan R K | ||
| 942 | _cJS | ||
| 999 |
_c65793 _d65793 |
||